Mosty: Koncepcia a konštrukcia /

Salvato in:
Dettagli Bibliografici
Autori principali: Bujňák, Ján (Autore), Bujňáková, Petra (Autore)
Natura: Libro
Lingua:slovacco
Pubblicazione: Žilina: EDIS, 2020
Edizione:1. vyd.
Serie:Vysokoškolské učebnice
Soggetti:
Tags: Aggiungi Tag
Nessun Tag, puoi essere il primo ad aggiungerne!!

MARC

LEADER 00000nam a22000003a 4500
001 0094467
003 SK-STU
005 20220314112014.5
007 ta
008 220314s ----xo-----e------000-0-----d
020 |a 978-80-554-1634-2 
040 |a STU  |b slo 
041 0 |a slo  |h slo 
044 |a xo 
100 1 |a Bujňák, Ján  |4 aut 
245 1 0 |a Mosty:  |b Koncepcia a konštrukcia /  |c aut. Ján Bujňák, Petra Bujňáková ; Jozef Melcer 
250 |a 1. vyd. 
260 |a Žilina:  |b EDIS,  |c 2020 
300 |a 186 s. 
490 0 |a Vysokoškolské učebnice 
650 0 7 |a mosty 
650 0 7 |a konštrukčné systémy 
650 0 7 |a mostné príslušenstvo 
700 1 |a Bujňáková, Petra  |r Z5  |4 aut 
700 1 |a Melcer, Jozef  |4 lso 
996 |b 284V037784  |c V* 53377/O-24537  |l VVT  |s A  |a 24  |w 0094467_0001 
996 |b 284AU10093  |c A* 13421/U  |l AAKNST  |s P  |a 0  |w 0094467_0002 
996 |b 284AU10094  |c A* 13422/U  |l AAKNAR  |s A  |a 24  |w 0094467_0003